| 000 | 02387nam0a2200385 4500 | ||
|---|---|---|---|
| 001 | RU\NLR\BIBL_A\012831399 | ||
| 005 | 20220831113210.0 | ||
| 010 |
_a978-5-9775-6876-0 _92000 |
||
| 021 |
_aRU _bКН-П-22-020705 _9КН-П-22-1773 |
||
| 035 | _a(NLR Aleph) 012831399 | ||
| 035 | _a(RuMoRGB)011026029 | ||
| 090 |
_a12359914 _c12359914 |
||
| 100 | _a20220628d2022 k y0rusy50 ca | ||
| 101 | 0 | _arus | |
| 102 | _aRU | ||
| 105 | _aa|||z|||000ay | ||
| 181 | 0 |
_ai2 _bab2e |
|
| 181 | 0 |
_ab2 _bbb2e |
|
| 182 | 0 | _an | |
| 200 | 1 |
_aПанда Бамбу и воображение _fАнастасия Гундер _gхудожник Татьяна Никитина |
|
| 203 |
_aТекст _aИзображение _bвизуальные _cнепосредственные |
||
| 210 |
_aСанкт-Петербург _cБХВ-Петербург _d2022 |
||
| 215 |
_a[21] с. _cцв. ил. _d22х22 |
||
| 225 | 1 | _aЧитаем. Играем | |
| 225 | 1 | _aСовременные писатели - детям | |
| 330 | _aПанда Бамбу всегда придумает что-нибудь интересное, недаром мама говорит, что у неё богатое воображение. Что это значит и как воображение помогает видеть удивительное в самых обычных вещах, узнают читатели этой книги. Весёлые истории про панду-непоседу хорошо читать всей семьёй, а потом вместе выполнять интересные и несложные задания в конце книги. Автор Анастасия Гундер - мама троих детей, и ей хорошо известно, как важно не только чем-то занять малыша, но и найти тему для общей беседы. Панда Бамбу всегда рада помочь и взрослым, и детям | ||
| 333 | _a0+ | ||
| 333 | _a0+ | ||
| 686 | 0 | _aШ9(2)60=Р7-2 | |
| 700 | 1 |
_aГундер _bА. В. _gАнастасия Витальевна |
|
| 702 | 1 |
_aНикитина _bТ. Ю. _cхудожник _f1961- _gТатьяна Юрьевна _3RU\NLR\AUTH\7755095 _4040 |
|
| 942 | _cBOOK | ||
| 980 | _aNB | ||